Methodological (and Substantive) Problems in Building a Cyclical Model

Gespeichert in:
Bibliographische Detailangaben
1. Verfasser: Di Matteo, Massimo
Format: Buch
Sprache:Deutsch
Veröffentlicht: Wien Institut für höhere Studien 1988
Ausgabe:1. Aufl.
Schriftenreihe:Forschungsbericht/Research Memorandum No.242
Tags: Tag hinzufügen
Keine Tags, Fügen Sie das erste Tag hinzu!

MARC

LEADER 00000nam a2200000 4500
001 c034178
005 20221219111153.4
041 0 |a ger 
044 |a AT 
245 1 0 |a Methodological (and Substantive) Problems in Building a Cyclical Model  |c Massimo Di Matteo 
250 |a 1. Aufl. 
264 1 |a Wien  |b Institut für höhere Studien  |c 1988 
300 |a 20 s. 
490 1 |a Forschungsbericht/Research Memorandum  |v No.242 
830 0 |a Forschungsbericht/Research Memorandum  |v No.242 
100 1 |a Di Matteo, Massimo